LEADER 01847nam a2200289 i 4500 001 000000363195 003 CaOOAMICUS 005 20251001075138.0 008 250617s2002 it a u000 u mul u 020 $a88-7988-405-0 040 $aSeMil$bita 111 2 $aConvegno storico internazionale <38. ; 2001 ; Todi>.$0(OLS)http://semarc/name/122218 245 13$aLa propaganda politica nel Basso Medioevo :$batti del 38. Convegno storico internazionale, Todi, 14-17 ottobre 2001. 264 1$aSpoleto :$bCentro Italiano di studi sull'Alto Medioevo,$c2002. 300 $aXI, 582 p., [12] carte di tav. :$bill. ;$c24 cm. 490 1 $aAtti dei convegni del Centro italiano di studi sul Basso Medioevo - Accademia Tudertina e del Centro di studi sulla spiritualitą medievale. Nuova serie ;$v15 650 04$aPropaganda politica - Storia - Medioevo.$0(OLS)http://semarc/subject/57880 650 4$aPolitica - Storia - Medioevo.$0(OLS)http://semarc/subject/54049 710 2 $aCentro italiano di studi sul Basso Medioevo. Accademia Tudertina.$0(OLS)http://semarc/name/7292 710 2 $aUniversitą degli Studi : Centro di studi sulla spiritualitą medievale.$0(OLS)http://semarc/name/9445 830 0$aAtti dei convegni del Centro italiano di studi sul Basso Medioevo - Accademia Tudertina. Nuova serie ;$v15.$0(OLS)http://semarc/title/19062 850 $aSeMil 852 $aSeMil$W1$xVenegono$y1$m3TA E 15$j258557$B254064$CSeMilBibl$Z2$F254064 $81 996 $6020$a88-7988-405-0$9(OLS)http://semarc/number/303394 996 $6245$aLa propaganda politica nel Basso Medioevo :$batti del 38. Convegno storico internazionale, Todi, 14-17 ottobre 2001$9(OLS)http://semarc/title/454347 996 $6264$aSpoleto :$bCentro Italiano di studi sull'Alto Medioevo$9(OLS)http://semarc/publisher/30994 LEADER 01429nam a2200265 i 4500 001 000000350483 003 CaOOAMICUS 005 20220615144202.0 008 220615s2021 vc u000 u ita u 013 $a234285 020 $a978-88-266-0673-6 040 $aSeMil$bita 110 2 $aCorso di formazione in medicina canonistica <3. ; 2017 ; Roma>.$0(OLS)http://semarc/name/115965 245 10$aProblemi medico-valutativi della remotio vetiti ad nuptias :$batti del terzo corso di formazione in medicina canonistica presso i Tribunali del Vicariato di Roma nell'anno 2017. 264 1$aCittą del Vaticano :$bLibreria Editrice Vaticana,$c2021. 300 $a180 p. ;$c24 cm. 490 1 $aStudi giuridici ;$v132 650 4$aMedicina canonistica.$0(OLS)http://semarc/subject/25905 830 0$aStudi giuridici ;$v132.$0(OLS)http://semarc/title/471 850 $aSeMil 852 $aSeMil$W1$xVenegono$y1$m2H VI 132$j233156$B241507$CSeMilBibl$Z2$F241507 $81 996 $6020$a978-88-266-0673-6$9(OLS)http://semarc/number/296010 996 $6245$aProblemi medico-valutativi della remotio vetiti ad nuptias :$batti del terzo corso di formazione in medicina canonistica presso i Tribunali del Vicariato di Roma nell'anno 2017$9(OLS)http://semarc/title/440253 996 $6264$aCittą del Vaticano :$bLibreria Editrice Vaticana$9(OLS)http://semarc/publisher/29734